Sporclin' Through the 2000s II Quiz Stats

 Plays Quiz Updated Sep 12, 2017

Challenge
Share
Tweet
Score 0/36 Timer 06:00
0 Plays Today
Hint Answer % Correct
Harry Potter and the Goblet of Fire
97.6%
Ice Age
95.6%
Family Guy
95.2%
X-Men
93.1%
Osama bin Laden
92.6%
Gladiator
90.5%
 
▼    Television    ▼
 
The Office
90.3%
 
▼    Sports    ▼
 
Usain Bolt
90.1%
Sarah Palin
89.3%
Scrubs
89.2%
 
▼    Movies    ▼
 
WALL-E
88.4%
Nintendo Wii
87.5%
 
▼    Music    ▼
 
Rihanna
87.2%
Kanye West
87.1%
Anchorman: The Legend of Ron Burgundy
84.5%
P!nk
84.4%
50 Cent
78%
Everybody Loves Raymond
77.6%
Hint Answer % Correct
 
▼    History    ▼
 
Condoleezza Rice
76.1%
Guitar Hero II
73.1%
Peyton Manning
70.9%
Kim Possible
66.5%
Gorillaz
64.7%
Desperate Housewives
63.5%
Tony Hawk's Pro Skater 3
63.3%
Super Mario Galaxy
61.8%
Foo Fighters
58.3%
Maria Sharapova
56.5%
 
▼    Gaming    ▼
 
Assassin's Creed
51.4%
Allen Iverson
46.3%
Peter Jackson
44.4%
Ronaldinho
40.4%
Martin Brodeur
20.6%
Silvio Berlusconi
19.1%
Diablo II
14.6%
Hosni Mubarak
10.4%

You're not logged in!

Compare scores with friends on all Sporcle quizzes.
Join for Free
OR
Log In

You Might Also Like...

Show Comments

Extras

Top Quizzes Today


Score Distribution

Your Account Isn't Verified!

In order to create a playlist on Sporcle, you need to verify the email address you used during registration. Go to your Sporcle Settings to finish the process.

Report this User

Report this user for behavior that violates our Community Guidelines.

Details: